HUTCHISON'S CLINICAL METHODS (Record no. 6616)

MARC details
000 -LEADER
fixed length control field 00353nam a2200145Ia 4500
008 - FIXED-LENGTH DATA ELEMENTS--GENERAL INFORMATION
fixed length control field 150301s2012 xx 000 0 und d
082 ## - DEWEY DECIMAL CLASSIFICATION NUMBER
Classification number 610
Item number H12G
100 ## - MAIN ENTRY--PERSONAL NAME
Personal name GLEYNN, MICHAEL
245 ## - TITLE STATEMENT
Title HUTCHISON'S CLINICAL METHODS
250 ## - EDITION STATEMENT
Edition statement 23RD
260 ## - PUBLICATION, DISTRIBUTION, ETC. (IMPRINT)
Name of publisher, distributor, etc. SAUNDERS
Place of publication, distribution, etc. EDINBURGH
Date of publication, distribution, etc. 2012
300 ## - PHYSICAL DESCRIPTION
Extent 472
650 ## - SUBJECT ADDED ENTRY--TOPICAL TERM
Topical term or geographic name as entry element GENERAL MEDICINE
942 ## - ADDED ENTRY ELEMENTS (KOHA)
Source of classification or shelving scheme Dewey Decimal Classification
Koha item type Books
Koha issues (borrowed), all copies 54
Holdings
Withdrawn status Lost status Source of classification or shelving scheme Damaged status Not for loan Collection code Home library Current library Shelving location Date acquired Source of acquisition Cost, normal purchase price SGTU Bill Number Total Checkouts Full call number Barcode Date last seen Bill Date Koha item type Date last checked out
    Dewey Decimal Classification     MEDICAL SGT Medical Library SGT Medical Library Text Book 02/07/2015 ABC DELHI 0.00 SGTU 4960   610 H12G FM6631 02/07/2015 25/10/2014 Books  
    Dewey Decimal Classification     MEDICAL SGT Medical Library SGT Medical Library Text Book 02/07/2015 ABC DELHI 0.00 SGTU 4960 36 610 H12G FM6632 01/05/2024 25/10/2014 Books 15/04/2024
    Dewey Decimal Classification     MEDICAL SGT Medical Library SGT Medical Library Text Book 02/07/2015 ABC DELHI 0.00 SGTU 4960 36 610 H12G FM6633 23/09/2025 25/10/2014 Books 12/09/2025
    Dewey Decimal Classification     MEDICAL SGT Medical Library SGT Medical Library Text Book 02/07/2015 ABC DELHI 0.00 SGTU 4960 36 610 H12G FM6634 18/04/2024 25/10/2014 Books 02/04/2024
    Dewey Decimal Classification     MEDICAL SGT Medical Library SGT Medical Library Text Book 02/07/2015 ABC DELHI 0.00 SGTU 4960 36 610 H12G FM6635 10/04/2024 25/10/2014 Books 20/03/2024